UITU Library & LRC     

An Effective Semantic Search Engine (Instant Answers, 5W's & H Tool). (CODE BOOK) (Record no. 32343)

MARC details
000 -LEADER
fixed length control field 00519nam a2200133Ia 4500
008 - FIXED-LENGTH DATA ELEMENTS--GENERAL INFORMATION
fixed length control field 260210s9999 xx 000 0 und d
024 ## - OTHER STANDARD IDENTIFIER
Standard number or code 15B-060-BS, 15B-091-BS, 15B-038-BS & 15B-047-BS
082 ## - DEWEY DECIMAL CLASSIFICATION NUMBER
Classification number 005.19072 MOH
100 ## - MAIN ENTRY--PERSONAL NAME
Personal name M. Mohsin Rashid, Muneeb Sohail, M. Saad Khan & Syed Fareed Ullah
245 #3 - TITLE STATEMENT
Title An Effective Semantic Search Engine (Instant Answers, 5W's & H Tool). (CODE BOOK)
260 ## - PUBLICATION, DISTRIBUTION, ETC.
Place of publication, distribution, etc. Karachi:
Name of publisher, distributor, etc. UITU,
Date of publication, distribution, etc. 2015
600 ## - SUBJECT ADDED ENTRY--PERSONAL NAME
Personal name Computer Science
650 ## - SUBJECT ADDED ENTRY--TOPICAL TERM
Topical term or geographic name entry element Bachelor of Computer Science (BS)

No items available.

Powered by Koha